[Event "Quebec-ch U12"]
[Site "Montreal CAN"]
[Date "2016.01.17"]
[Round "4"]
[White "Bercuvitz, Tani"]
[Black "Yu, Xi Ming"]
[Result "0-1"]
[WhiteElo "1230"]
[BlackElo "1376"]
[PlyCount "104"]
[EventDate "2016.01.15"]
[EventType "swiss"]
[EventRounds "5"]
[EventCountry "CAN"]

1. d4 d5 2. c4 e6 3. Nc3 Nf6 4. Bg5 Nbd7 5. Nf3 Be7 6. Rc1 O-O 7. Qc2 c6 8. c5
Re8 9. e3 h6 10. Bh4 e5 11. dxe5 Ng4 12. Bg3 Bxc5 13. a3 Bf8 14. e6 Rxe6 15.
Be2 Ngf6 16. O-O Re8 17. Bh4 Be7 18. Rcd1 Nb6 19. Rfe1 Be6 20. Bxf6 Bxf6 21.
Ne4 Bf5 22. Nxf6+ Qxf6 23. Bd3 Bxd3 24. Qxd3 Qxb2 25. Nd4 Nc4 26. a4 Qb6 27.
Rb1 Qc7 28. e4 Rad8 29. exd5 cxd5 30. Rec1 a6 31. Nf5 b6 32. Ne3 Qe5 33. Nxc4
dxc4 34. Qxc4 Qa5 35. Qb4 Qxb4 36. Rxb4 Rd6 37. f3 Re2 38. Rcb1 Rdd2 39. Rxb6
Rxg2+ 40. Kh1 Rxh2+ 41. Kg1 Ra2 42. f4 Rhd2 43. Rxa6 Rd4 44. a5 Rxf4 45. Ra7
Rd4 46. Ra8+ Kh7 47. a6 Rd6 48. a7 Rd7 49. Rab8 Rdxa7 50. R8b3 g5 51. Rc1 Ra1
52. Rbb1 (52. Rxa1 Rxa1+ 53. Kg2 Ra4 54. Kg3 Kg6 55. Rb6+ f6 56. Kh3 Ra3+ 57.
Kg2 g4 58. Rc6 h5 59. Rd6 Kg5 60. Rd8 Ra2+ 61. Kg1 f5 62. Rg8+ Kf4 63. Rh8 Kg3
64. Kf1 h4 65. Rh5 f4 66. Ke1 f3) 52... Rxb1 0-1

[Event "Quebec-ch U12"]
[Site "Montreal CAN"]
[Date "2016.01.17"]
[Round "4"]
[White "Guzzo, Nikolas"]
[Black "Arcand, Louis"]
[Result "0-1"]
[WhiteElo "884"]
[BlackElo "1064"]
[PlyCount "104"]
[EventDate "2016.01.15"]
[EventType "swiss"]
[EventRounds "5"]
[EventCountry "CAN"]

1. e4 c5 2. Nc3 d6 3. Bb5+ Bd7 4. Bxd7+ Qxd7 5. Nf3 Nc6 6. O-O Nf6 7. d3 g6 8.
Nd5 Bg7 9. Re1 O-O 10. Bg5 Nxd5 11. exd5 Ne5 12. Nxe5 Bxe5 13. c3 Rfe8 14. d4
cxd4 15. cxd4 Bg7 16. Re2 Rac8 17. Qe1 Bxd4 18. Rxe7 Rxe7 19. Qxe7 Qxe7 20.
Bxe7 Be5 21. Re1 Rc7 22. Bg5 Bxb2 23. Bh6 Be5 24. g3 b6 25. f4 Bd4+ 26. Kh1 Rc8
27. g4 f5 28. gxf5 gxf5 29. Rg1+ Bxg1 30. Kxg1 Rc5 31. Bg5 Rxd5 32. Bf6 Ra5 33.
Be7 d5 34. a3 d4 35. Bb4 d3 36. Kf1 Rd5 37. Ke1 Rd4 38. Kd2 Kf7 39. Ke3 Rd7 40.
h4 Kg6 41. Be1 Re7+ 42. Kd2 Re2+ 43. Kd1 Kh5 44. a4 Kg4 45. h5 Kxh5 46. Ba5
bxa5 47. Kc1 Kg4 48. Kd1 h5 49. Kc1 h4 50. Kd1 h3 51. Kc1 h2 52. Kd1 h1=Q# 0-1

[Event "Quebec-ch U12"]
[Site "Montreal CAN"]
[Date "2016.01.17"]
[Round "4"]
[White "Laroche, Hugo"]
[Black "Craciun, David"]
[Result "1/2-1/2"]
[WhiteElo "1151"]
[BlackElo "1077"]
[PlyCount "111"]
[EventDate "2016.01.15"]
[EventType "swiss"]
[EventRounds "5"]
[EventCountry "CAN"]

1. d4 Nf6 2. c4 g6 3. Nc3 Bg7 4. Nf3 d6 5. e4 Nbd7 6. Be3 O-O 7. Bd3 b6 8. Qd2
Re8 9. O-O Bb7 10. b4 Rc8 11. b5 a6 12. a4 e5 13. d5 Ng4 14. h3 Nxe3 15. Qxe3
Nc5 16. Rfb1 Nxd3 17. Qxd3 Qd7 18. a5 axb5 19. Rxb5 Ba6 20. Rbb1 bxa5 21. Rxa5
Ra8 22. Rba1 Bb7 23. Qb1 Rxa5 24. Rxa5 c6 25. Ra7 Rb8 26. Na4 cxd5 27. cxd5 Qe8
28. Rxb7 Rxb7 29. Qxb7 Qxa4 30. Qb1 h6 31. Nd2 Qd4 32. Qc1 Qb4 33. Qe1 Qc5 34.
Nf1 Qb5 35. Ng3 Qb6 36. Qc1 Qa7 37. Qc6 Qe7 38. Qb6 Qd7 39. Qb4 Qc7 40. Ne2 Qc2
41. Kf1 Qd1+ 42. Qe1 Qd3 43. f3 Qc4 44. Qc1 Qa6 45. Qc6 Qa1+ 46. Kf2 Qa7+ 47.
Kf1 Qa1+ 48. Qc1 Qa6 49. Kf2 Qb6+ 50. Qe3 Qb2 51. Kg3 Qb8 52. Kh2 Qc7 53. Ng3
Qb7 54. h4 Qe7 55. Kh3 Qd7+ 56. Kh2 1/2-1/2

[Event "Quebec-ch U12"]
[Site "Montreal CAN"]
[Date "2016.01.17"]
[Round "4"]
[White "Mocanu, Alexander"]
[Black "Yu, Daniel-Tianqi"]
[Result "1-0"]
[WhiteElo "1191"]
[BlackElo "1565"]
[PlyCount "149"]
[EventDate "2016.01.15"]
[EventType "swiss"]
[EventRounds "5"]
[EventCountry "CAN"]

1. e4 d6 2. d4 g6 3. c3 Bg7 4. Bd3 Nc6 5. Nf3 Bg4 6. Be3 Nf6 7. Nbd2 O-O 8. O-O
Nd7 9. h3 Bxf3 10. Nxf3 e5 11. Qb3 Rb8 12. a4 exd4 13. cxd4 a6 14. a5 h6 15.
Qc2 Nb4 16. Qd2 Nxd3 17. Qxd3 Kh7 18. Nd2 f5 19. f3 f4 20. Bf2 c5 21. Nb3 Qc7
22. Rfc1 Rfd8 23. Qc2 Rbc8 24. Ra4 Qc6 25. Rc4 b5 26. axb6 Nxb6 27. Rc3 Qd7 28.
Rd3 c4 29. Rc3 cxb3 30. Qxb3 Rxc3 31. Rxc3 Qb5 32. Qxb5 axb5 33. Rb3 Na4 34.
Rxb5 Rc8 35. b3 Nc3 36. Rb7 Kh8 37. d5 Ne2+ 38. Kh2 Be5 39. b4 Rc1 40. Rb8+ Kg7
41. b5 Ng3 42. Bg1 Kf7 43. b6 Bd4 44. Rb7+ Ke8 45. Rb8+ Kd7 46. Rb7+ Kc8 47.
Rc7+ Rxc7 48. bxc7 Bxg1+ 49. Kxg1 Kxc7 50. Kf2 Kb6 51. Kg1 Kc5 52. Kf2 Kd4 53.
Kg1 Ke3 54. Kh2 Ke2 55. Kg1 Nf1 56. e5 Ke1 57. exd6 Ng3 58. d7 Ne2+ 59. Kh2 Kf2
60. d8=Q Ng3 61. Qb6+ Ke2 62. d6 Kf1 63. d7 Nf5 64. Qb5+ Kf2 65. Qxf5 gxf5 66.
d8=Q h5 67. Qd2+ Kf1 68. g4 h4 69. Qg2+ Ke1 70. g5 Kd1 71. g6 Ke1 72. g7 Kd1
73. g8=Q Ke1 74. Q8a2 Kd1 75. Qa1# 1-0

[Event "Quebec-ch U12"]
[Site "Montreal CAN"]
[Date "2016.01.17"]
[Round "4"]
[White "Omichi, Haruaki"]
[Black "Liu, Robert"]
[Result "1/2-1/2"]
[WhiteElo "1355"]
[BlackElo "1151"]
[PlyCount "133"]
[EventDate "2016.01.15"]
[EventType "swiss"]
[EventRounds "5"]
[EventCountry "CAN"]

1. e4 e5 2. Nf3 Nc6 3. Nc3 Nf6 4. d4 exd4 5. Nxd4 Bb4 6. Nxc6 bxc6 7. Bd3 d5 8.
exd5 cxd5 9. O-O O-O 10. Bg5 c6 11. h3 h6 12. Bh4 Be6 13. Qf3 Be7 14. Rae1 Nh7
15. Bxh7+ Kxh7 16. Bxe7 Qxe7 17. Qd3+ Kg8 18. f4 Qc5+ 19. Kh1 Rfe8 20. f5 Bd7
21. f6 Rxe1 22. Rxe1 gxf6 23. Qf3 Qd6 24. Qh5 f5 25. Qh4 Re8 26. Rd1 Kh7 27. g4
Qe7 28. Qxe7 Rxe7 29. gxf5 Bxf5 30. Rd2 Bxh3 31. Na4 Bf5 32. c3 Bg4 33. Rf2
Re1+ 34. Kg2 Re2 35. Rxe2 Bxe2 36. Nc5 Bg4 37. Kg3 Be6 38. Nd3 f6 39. Nf4 Bd7
40. Nh5 Kg6 41. Nf4+ Kg5 42. Nd3 f5 43. Ne5 Be8 44. Nf3+ Kf6 45. Kf4 c5 46. b4
cxb4 47. cxb4 a6 48. Nd4 Bd7 49. a4 Bxa4 50. Nxf5 h5 51. Nh4 Ke6 52. Nf3 Kd6
53. Nd4 Bb5 54. Nf3 Bc4 55. Nd4 Bd3 56. Nf3 Be4 57. Nd4 Kc7 58. Kg5 Kb6 59.
Kxh5 a5 60. bxa5+ Kxa5 61. Kg4 Kb4 62. Kf4 Kc3 63. Ne2+ Kd2 64. Nd4 Kd3 65. Ke5
Bg2 66. Ne6 Kc4 67. Nd4 1/2-1/2

[Event "Quebec-ch U12"]
[Site "Montreal CAN"]
[Date "2016.01.17"]
[Round "4"]
[White "Richard, Leo"]
[Black "Democri, Radin"]
[Result "1-0"]
[WhiteElo "1453"]
[BlackElo "1216"]
[PlyCount "55"]
[EventDate "2016.01.15"]
[EventType "swiss"]
[EventRounds "5"]
[EventCountry "CAN"]

1. e4 d6 2. d4 f5 3. exf5 Bxf5 4. Bd3 Bxd3 5. Qxd3 g6 6. Nf3 Bg7 7. c3 d5 8.
O-O Nf6 9. Re1 O-O 10. Bg5 Ne4 11. Nbd2 Nxg5 12. Nxg5 Qd6 13. Ndf3 h6 14. Ne6
Rf6 15. Nxg7 Kxg7 16. Qe2 Nc6 17. Ne5 Re6 18. f4 Rf8 19. g3 a6 20. Qd3 Nxe5 21.
fxe5 Qb6 22. Qd2 Rf5 23. Kg2 c5 24. g4 Rf8 25. Rf1 Rxf1 26. Rxf1 cxd4 27. Qf2
h5 28. Qf8+ 1-0

[Event "Quebec-ch U12"]
[Site "Montreal CAN"]
[Date "2016.01.17"]
[Round "4"]
[White "Tanaka, Tyler"]
[Black "Huang, Qiuyu"]
[Result "0-1"]
[WhiteElo "1492"]
[BlackElo "1802"]
[PlyCount "128"]
[EventDate "2016.01.15"]
[EventType "swiss"]
[EventRounds "5"]
[EventCountry "CAN"]

1. e4 c5 2. Nf3 Nc6 3. d4 cxd4 4. Nxd4 g6 5. Be3 Bg7 6. Nc3 Nf6 7. f3 O-O 8.
Bc4 Qb6 9. Bb3 Nxe4 10. Nd5 Qa5+ 11. c3 Nf6 12. Nxf6+ Bxf6 13. O-O d6 14. Kh1
Nxd4 15. Bxd4 Bxd4 16. Qxd4 Qg5 17. Rfe1 Re8 18. Re2 Bd7 19. Rae1 Bc6 20. Bc2
a6 21. Be4 d5 22. Bc2 e6 23. Re5 Qh6 24. R5e2 Qg7 25. f4 Qxd4 26. cxd4 Bb5 27.
Rd2 a5 28. Rdd1 Rec8 29. Rc1 Rc4 30. Bb3 Rxd4 31. g3 Bc6 32. Re2 a4 33. Bc2 Rd8
34. Ree1 Rb4 35. b3 d4+ 36. Kg1 d3 37. Rcd1 d2 38. Re2 axb3 39. Bxb3 Rbd4 40.
Kf2 Bb5 41. Re3 Rc8 42. Rxe6 fxe6 43. Bxe6+ Kf8 44. Bxc8 Ba4 45. Bg4 Bxd1 46.
Bxd1 Ke7 47. Ke3 Rd5 48. Ke2 Kd6 49. Bb3 Rd4 50. h3 Kc5 51. a3 Kd6 52. g4 Rxf4
53. Kxd2 Rf3 54. Bg8 Rxh3 55. a4 h5 56. gxh5 gxh5 57. Bf7 h4 58. Ke2 Rg3 59.
Kf2 Rg7 60. Bc4 Kc5 61. Bf1 Kb4 62. Ke2 Kxa4 63. Kd2 b5 64. Kc1 Rg1 0-1

[Event "Quebec-ch U12"]
[Site "Montreal CAN"]
[Date "2016.01.17"]
[Round "4"]
[White "Tcherecharov, Blagovest"]
[Black "Zhang, Xin Yu"]
[Result "1-0"]
[WhiteElo "953"]
[BlackElo "1086"]
[PlyCount "143"]
[EventDate "2016.01.15"]
[EventType "swiss"]
[EventRounds "5"]
[EventCountry "CAN"]

1. e4 e5 2. Nf3 Nc6 3. Bc4 h6 4. Nc3 Nf6 5. d4 exd4 6. Nxd4 Bc5 7. Nxc6 bxc6 8.
O-O O-O 9. e5 Nh7 10. Qg4 d5 11. Qg3 Kh8 12. Bd3 Bd4 13. Ne2 Qe7 14. Nxd4 c5
15. Nf5 Bxf5 16. Bxf5 Rg8 17. Bxh7 Kxh7 18. Qd3+ Kh8 19. Qxd5 Rad8 20. Qe4 f6
21. Qh4 Rgf8 22. Re1 Rfe8 23. Bd2 Rxd2 24. f4 fxe5 25. Qxe7 Rxe7 26. Rac1 Rf7
27. Rxe5 Rxf4 28. Rxc5 Rff2 29. Rxc7 Rxg2+ 30. Kh1 Rxh2+ 31. Kg1 Rdg2+ 32. Kf1
Rf2+ 33. Ke1 Re2+ 34. Kf1 Rd2 35. Kg1 Rdg2+ 36. Kf1 Rh1+ 37. Kxg2 Rxc1 38. b3
h5 39. c4 g5 40. Rxa7 h4 41. Ra5 g4 42. Rh5+ Kg8 43. Rxh4 Rc2+ 44. Kg3 Rxa2 45.
Kxg4 Rb2 46. Rh3 Kf7 47. Kf5 Ke7 48. Ke5 Kd7 49. Kd4 Kc6 50. Kc3 Rb1 51. Kc2
Ra1 52. Kb2 Ra5 53. b4 Ra4 54. Rh6+ Kb7 55. Kb3 Ra6 56. Rxa6 Kxa6 57. b5+ Kb6
58. Kb4 Kb7 59. c5 Kc7 60. b6+ Kb7 61. Kb5 Kb8 62. Ka6 Ka8 63. c6 Kb8 64. c7+
Kc8 65. Ka7 Kd7 66. Kb8 Kc6 67. b7 Kb6 68. c8=Q Ka6 69. Qc1 Kb6 70. Kc8 Ka7 71.
b8=Q+ Ka6 72. Qa1# 1-0

[Event "Quebec-ch U12"]
[Site "Montreal CAN"]
[Date "2016.01.17"]
[Round "4"]
[White "Wang, Isabelle"]
[Black "Cai, Tony"]
[Result "1-0"]
[WhiteElo "1280"]
[BlackElo "1088"]
[PlyCount "85"]
[EventDate "2016.01.15"]
[EventType "swiss"]
[EventRounds "5"]
[EventCountry "CAN"]

1. e4 e5 2. Nf3 Nc6 3. Nc3 Bc5 4. Nxe5 Nxe5 5. d4 Qf6 6. dxc5 Ne7 7. Be2 N7c6
8. Nd5 Qd8 9. O-O O-O 10. a3 Ne7 11. b4 c6 12. Ne3 b6 13. Qd4 f6 14. Bb2 bxc5
15. Qxc5 d6 16. Qc3 Be6 17. Rfd1 d5 18. exd5 Nxd5 19. Qd2 Ng6 20. Bf3 Ngf4 21.
Qd4 Qd6 22. c4 Rfd8 23. cxd5 cxd5 24. Nxd5 Ne2+ 25. Bxe2 Bxd5 26. Rd2 Qc6 27.
Qg4 Be6 28. Rxd8+ Rxd8 29. Qg3 Bf7 30. Bf3 Qb6 31. Be4 Bg6 32. Bxg6 hxg6 33.
Qxg6 Qd6 34. Qc2 Qe6 35. Bc3 Kh8 36. Re1 Qc6 37. Qb2 Rc8 38. Bd2 Qb6 39. Re3 a5
40. Rh3+ Kg8 41. Qb3+ Kf8 42. Rh8+ Ke7 43. Rxc8 1-0

[Event "Quebec-ch U12"]
[Site "Montreal CAN"]
[Date "2016.01.17"]
[Round "5"]
[White "Arcand, Louis"]
[Black "Simard, Felix"]
[Result "1-0"]
[WhiteElo "1064"]
[BlackElo "1091"]
[PlyCount "105"]
[EventDate "2016.01.15"]
[EventType "swiss"]
[EventRounds "5"]
[EventCountry "CAN"]

1. e4 e5 2. Nf3 Nc6 3. Bc4 Nf6 4. d3 d5 5. exd5 Nxd5 6. Bxd5 Qxd5 7. Nc3 Qd8 8.
O-O Bb4 9. Bd2 Bxc3 10. Bxc3 f6 11. Re1 Qd6 12. h3 O-O 13. Qd2 Re8 14. Re2 Bf5
15. Rae1 Re7 16. d4 e4 17. Nh4 Qd5 18. Nxf5 Qxf5 19. f3 Rae8 20. d5 Nd8 21. Bb4
Re5 22. fxe4 Rxe4 23. Rxe4 Rxe4 24. Rxe4 Qxe4 25. a4 Qe5 26. c3 Qf5 27. Qe3
Qb1+ 28. Kh2 Kf7 29. Qe7+ Kg6 30. Qxd8 Qf5 31. Qxc7 a6 32. Qg3+ Kf7 33. d6 h5
34. Qe3 Qd7 35. Qe7+ Qxe7 36. dxe7 Ke8 37. Kg3 g6 38. Kf4 g5+ 39. Kf5 Kf7 40.
g3 h4 41. g4 b6 42. Bd6 a5 43. b4 axb4 44. cxb4 Ke8 45. Kxf6 Kd7 46. Kxg5 Ke8
47. a5 bxa5 48. bxa5 Kf7 49. a6 Ke6 50. e8=Q+ Kxd6 51. a7 Kc7 52. a8=Q Kd6 53.
Qac6# 1-0

[Event "Quebec-ch U12"]
[Site "Montreal CAN"]
[Date "2016.01.17"]
[Round "5"]
[White "Cai, Tony"]
[Black "Omichi, Haruaki"]
[Result "0-1"]
[WhiteElo "1088"]
[BlackElo "1355"]
[PlyCount "138"]
[EventDate "2016.01.15"]
[EventType "swiss"]
[EventRounds "5"]
[EventCountry "CAN"]

1. d4 d5 2. Nf3 Bf5 3. Nc3 Nc6 4. a3 g6 5. Bf4 a6 6. e3 Bg7 7. Bd3 Bxd3 8. Qxd3
Nf6 9. Ne5 Nxe5 10. Bxe5 O-O 11. O-O Nh5 12. Bxg7 Nxg7 13. Rfd1 e6 14. e4 dxe4
15. Nxe4 Qe7 16. Nc3 Rad8 17. Re1 Qd7 18. Rad1 Nf5 19. Ne2 Qc8 20. c3 c5 21. b3
b5 22. Rd2 Rd7 23. Red1 Rfd8 24. h3 Qb7 25. Ng3 cxd4 26. Nxf5 exf5 27. cxd4 Qb6
28. d5 Rxd5 29. Qxd5 Rxd5 30. Rxd5 Qc6 31. Rd6 Qc2 32. R6d3 Qb2 33. b4 Kg7 34.
R1d2 Qc1+ 35. Kh2 Qc7+ 36. Kg1 a5 37. Rd7 Qc1+ 38. Kh2 Qxa3 39. bxa5 Qxa5 40.
R2d5 Qa4 41. f3 b4 42. Rb7 b3 43. Rdb5 Qf4+ 44. Kh1 Qc4 45. Rxb3 Qf1+ 46. Kh2
Qc4 47. R3b4 Qd5 48. Rb1 Kh6 49. R7b4 f6 50. Rh4+ Kg7 51. Rc1 Qd6+ 52. Kh1 f4
53. Ra1 Qc7 54. g3 fxg3 55. Rha4 Qc6 56. Kg2 Qd6 57. R1a2 f5 58. Ra6 Qe5 59.
R6a5 Qf4 60. R5a4 Qg5 61. Ra7+ Kh6 62. Rd7 Qf6 63. Raa7 Qb2+ 64. Kxg3 Qe5+ 65.
Kg2 Qe2+ 66. Kg3 Qe5+ 67. Kg2 Kg5 68. Rxh7 Qe2+ 69. Kg3 f4# 0-1

[Event "Quebec-ch U12"]
[Site "Montreal CAN"]
[Date "2016.01.17"]
[Round "5"]
[White "Democri, Radin"]
[Black "Tcherecharov, Blagovest"]
[Result "1-0"]
[WhiteElo "1216"]
[BlackElo "953"]
[PlyCount "81"]
[EventDate "2016.01.15"]
[EventType "swiss"]
[EventRounds "5"]
[EventCountry "CAN"]

1. e4 e5 2. Nf3 Nc6 3. Bc4 Bc5 4. c3 h6 5. d3 Nf6 6. Be3 Bxe3 7. fxe3 O-O 8. h3
d6 9. Nbd2 Qe7 10. O-O Be6 11. Bb3 Bxb3 12. Qxb3 a5 13. Qxb7 Qd7 14. Qb3 a4 15.
Qc2 Nh5 16. d4 exd4 17. exd4 Ng3 18. Rfe1 Na5 19. Kh2 Nh5 20. g4 Nf4 21. Kg3
Ng6 22. e5 Rfe8 23. h4 Qe7 24. h5 Nf8 25. exd6 Qxd6+ 26. Kh4 Rxe1 27. Rxe1 Qf4
28. Qe4 Qd6 29. Qxa8 g5+ 30. hxg6 Qf6+ 31. Kh3 a3 32. gxf7+ Qxf7 33. bxa3 Nc4
34. Nxc4 Qxc4 35. Re8 Qf7 36. Kg3 Qc4 37. Rxf8+ Kg7 38. Rg8+ Kf6 39. Qf8+ Ke6
40. Rg6+ Kd7 41. Ne5# 1-0

[Event "Quebec-ch U12"]
[Site "Montreal CAN"]
[Date "2016.01.17"]
[Round "5"]
[White "Liu, Robert"]
[Black "Bercuvitz, Tani"]
[Result "1-0"]
[WhiteElo "1151"]
[BlackElo "1230"]
[PlyCount "141"]
[EventDate "2016.01.15"]
[EventType "swiss"]
[EventRounds "5"]
[EventCountry "CAN"]

1. e4 e5 2. Nf3 Nc6 3. Nc3 Bc5 4. Nxe5 Bxf2+ 5. Kxf2 Nxe5 6. d4 Ng6 7. Be2 d6
8. Rf1 Nf6 9. Kg1 O-O 10. Bg5 c6 11. Qd2 b5 12. a3 a5 13. d5 Bd7 14. Bxf6 gxf6
15. Bf3 Kg7 16. Rad1 c5 17. Qf2 b4 18. Na2 Re8 19. c4 Ba4 20. Rde1 Bb3 21. Nc1
Bxc4 22. Ne2 Bd3 23. Qg3 Bxe4 24. Nf4 Bxf3 25. Qxf3 Rxe1 26. Rxe1 Qd7 27. Nh5+
Kh6 28. Nxf6 Qa7 29. Qh5+ Kg7 30. Ne8+ Rxe8 31. Rxe8 c4+ 32. Kh1 bxa3 33. bxa3
c3 34. Qd1 Qc5 35. Qc1 Qxd5 36. Qxc3+ f6 37. h3 Kf7 38. Rb8 Nf4 39. Qb3 Qxb3
40. Rxb3 d5 41. Kg1 d4 42. Rf3 Ne6 43. Kf2 Kg6 44. Rd3 Kf5 45. g3 Ke4 46. Rd1
Nc5 47. Rb1 d3 48. Rb5 Ne6 49. Rxa5 d2 50. Ke2 Nd4+ 51. Kxd2 Nb3+ 52. Kc3 Nxa5
53. Kb4 Nb7 54. a4 Kf3 55. g4 Kg3 56. Kb5 Kxh3 57. Kb6 Na5 58. Kxa5 Kxg4 59.
Kb6 h5 60. a5 Kg3 61. a6 h4 62. a7 h3 63. a8=Q h2 64. Qh1 f5 65. Kc5 f4 66. Kd4
f3 67. Ke3 f2 68. Ke2 f1=Q+ 69. Kxf1 Kh3 70. Kf2 Kg4 71. Qxh2 1-0

[Event "Quebec-ch U12"]
[Site "Montreal CAN"]
[Date "2016.01.17"]
[Round "5"]
[White "Richard, Leo"]
[Black "Zhong, Wenxuan"]
[Result "1-0"]
[WhiteElo "1453"]
[BlackElo "1906"]
[PlyCount "73"]
[EventDate "2016.01.15"]
[EventType "swiss"]
[EventRounds "5"]
[EventCountry "CAN"]

1. e4 c5 2. Nf3 Nc6 3. d4 cxd4 4. Nxd4 g6 5. Nc3 Bg7 6. Be3 Nf6 7. f3 O-O 8.
Qd2 d5 9. Nxc6 bxc6 10. e5 Nd7 11. f4 e6 12. O-O-O a5 13. g4 Rb8 14. h4 c5 15.
Na4 d4 16. Bf2 Bb7 17. Rh3 Bc6 18. Ra3 Rb4 19. b3 Bxa4 20. Rxa4 Rxa4 21. bxa4
Qb6 22. Bb5 Nb8 23. Be1 f6 24. exf6 Bxf6 25. g5 Bg7 26. Bg3 Na6 27. a3 Nc7 28.
Qd3 Nd5 29. Rf1 Ne3 30. Re1 Qd6 31. Rxe3 Qb6 32. Re1 Kf7 33. Bd7 Rb8 34. Bxe6+
Kf8 35. Bb3 Rc8 36. Qc4 Qb7 37. Qg8# 1-0

[Event "Quebec-ch U12"]
[Site "Montreal CAN"]
[Date "2016.01.17"]
[Round "5"]
[White "Tanaka, Tyler"]
[Black "Mocanu, Alexander"]
[Result "1-0"]
[WhiteElo "1492"]
[BlackElo "1191"]
[PlyCount "93"]
[EventDate "2016.01.15"]
[EventType "swiss"]
[EventRounds "5"]
[EventCountry "CAN"]

1. e4 e5 2. Nf3 Nc6 3. Bb5 d6 4. O-O Bd7 5. c3 a6 6. Ba4 b5 7. Bc2 Nf6 8. Re1
Be7 9. h3 O-O 10. d4 exd4 11. cxd4 h6 12. Bf4 Nh7 13. a3 f5 14. Bh2 fxe4 15.
Bxe4 Nf6 16. Bc2 Re8 17. Nh4 Na7 18. Bb3+ d5 19. Ng6 c6 20. Bc2 Bf8 21. Be5 Be7
22. Qf3 Bd6 23. Nd2 Bxe5 24. dxe5 Nh7 25. Qd3 Qg5 26. Nf3 Qd8 27. Nfh4 Qg5 28.
f4 Qd8 29. Nf5 Bxf5 30. Qxf5 Qb6+ 31. Kh1 c5 32. Qg4 d4 33. Be4 Rad8 34. Qf3 c4
35. Bd5+ Re6 36. f5 Rxd5 37. Qxd5 Qc6 38. Ne7+ Kf8 39. Nxc6 Rxc6 40. Qxd4 Nc8
41. Qd8+ Kf7 42. e6+ Rxe6 43. fxe6+ Kg6 44. Qxc8 Kf5 45. Qc5+ Kf4 46. Rf1+ Kg3
47. Qf2# 1-0

[Event "Quebec-ch U12"]
[Site "Montreal CAN"]
[Date "2016.01.17"]
[Round "5"]
[White "Yu, Daniel-Tianqi"]
[Black "Laroche, Hugo"]
[Result "1-0"]
[WhiteElo "1565"]
[BlackElo "1151"]
[PlyCount "93"]
[EventDate "2016.01.15"]
[EventType "swiss"]
[EventRounds "5"]
[EventCountry "CAN"]

1. e4 e5 2. Nf3 Nc6 3. Bc4 Bc5 4. d3 h6 5. h3 Nf6 6. Nc3 d6 7. a3 a6 8. Be3 Ba7
9. Bxa7 Rxa7 10. O-O O-O 11. Nh2 Be6 12. Bb3 Bxb3 13. cxb3 Nd4 14. Ne2 Nxe2+
15. Qxe2 Nd7 16. f4 Ra8 17. f5 f6 18. Rf3 Nb8 19. Rg3 Qd7 20. Qh5 Kh8 21. Ng4
Qf7 22. Qh4 Kh7 23. Nxh6 gxh6 24. Rg6 Qxg6 25. fxg6+ Kxg6 26. Qg4+ Kh7 27. Rf1
Rf7 28. Qe6 Kg7 29. Rf3 Nc6 30. Rg3+ Kf8 31. Qg4 Rd8 32. Qg6 Nd4 33. Qxh6+ Ke7
34. Rg7 Rdf8 35. Rxf7+ Rxf7 36. b4 Ne6 37. Qc1 Rg7 38. a4 Kd7 39. Qh6 b5 40.
Qxf6 bxa4 41. h4 Rh7 42. g4 Rg7 43. g5 Rg8 44. Qf7+ Kc6 45. Qxg8 Nf4 46. g6
Nxg6 47. Qxg6 1-0

[Event "Quebec-ch U12"]
[Site "Montreal CAN"]
[Date "2016.01.17"]
[Round "5"]
[White "Yu, Xi Ming"]
[Black "Wang, Isabelle"]
[Result "1-0"]
[WhiteElo "1376"]
[BlackElo "1280"]
[PlyCount "93"]
[EventDate "2016.01.15"]
[EventType "swiss"]
[EventRounds "5"]
[EventCountry "CAN"]

1. e4 e5 2. Nf3 Nc6 3. Nc3 Nf6 4. d4 exd4 5. Nxd4 Bb4 6. Nxc6 bxc6 7. Bd3 O-O
8. O-O d5 9. exd5 cxd5 10. Bg5 Be7 11. Rb1 Be6 12. a3 a5 13. Bb5 Rc8 14. Bc6 d4
15. Nb5 Nd7 16. Bxe7 Qxe7 17. Bxd7 Qxd7 18. Nxd4 Rcd8 19. Nxe6 Qxe6 20. Qh5 Rd5
21. Qf3 Rfd8 22. Rbd1 Qd7 23. Rxd5 Qxd5 24. Qxd5 Rxd5 25. Re1 h6 26. Kf1 f6 27.
Re3 Kf7 28. Rc3 c5 29. Rc4 g5 30. Ke2 Re5+ 31. Kd2 Rd5+ 32. Ke3 Re5+ 33. Re4
Rxe4+ 34. Kxe4 Ke6 35. g4 Kf7 36. Kd5 Kg6 37. Kxc5 f5 38. f3 fxg4 39. fxg4 h5
40. h3 h4 41. Kd6 Kf7 42. c4 Ke8 43. Ke6 Kd8 44. b4 axb4 45. axb4 Kc7 46. b5
Kb6 47. Kf5 1-0

[Event "Quebec-ch U12"]
[Site "Montreal CAN"]
[Date "2016.01.17"]
[Round "5"]
[White "Zhang, Xin Yu"]
[Black "Guzzo, Nikolas"]
[Result "1-0"]
[WhiteElo "1086"]
[BlackElo "884"]
[PlyCount "61"]
[EventDate "2016.01.15"]
[EventType "swiss"]
[EventRounds "5"]
[EventCountry "CAN"]

1. e4 e5 2. Nf3 Nc6 3. Nc3 Nf6 4. Bb5 Bc5 5. O-O O-O 6. Bxc6 bxc6 7. Nxe5 Re8
8. d4 Bd6 9. Bf4 Bxe5 10. dxe5 Nxe4 11. Nxe4 f6 12. Qd3 fxe5 13. Bg5 Re7 14.
Qg3 Qe8 15. Bxe7 Qxe7 16. Rfe1 d6 17. Qc3 c5 18. Qd3 Bf5 19. Qd5+ Kf8 20. Qxa8+
Kf7 21. Qd5+ Be6 22. Qd2 h6 23. b4 d5 24. Nxc5 Bf5 25. Qxd5+ Kf8 26. Rxe5 Qh4
27. Rxf5+ Ke8 28. Re1+ Qe7 29. Rxe7+ Kxe7 30. Qe6+ Kd8 31. Rd5# 1-0

[Event "Quebec-ch U14"]
[Site "Montreal CAN"]
[Date "2016.01.15"]
[Round "1"]
[White "Ouellet, Maili-Jade"]
[Black "Tsypin, Allison"]
[Result "1-0"]
[WhiteElo "2039"]
[BlackElo "1539"]
[PlyCount "77"]
[EventDate "2016.01.15"]
[EventType "tourn"]
[EventRounds "5"]
[EventCountry "CAN"]

1. d4 Nf6 2. c4 c5 3. d5 b5 4. cxb5 a6 5. bxa6 Bxa6 6. b3 g6 7. Bb2 Bg7 8. g3
d6 9. Bg2 Nbd7 10. Nh3 O-O 11. O-O Qb6 12. Nf4 Rfb8 13. h4 c4 14. Bd4 Qd8 15.
bxc4 Bxc4 16. Qd2 Nb6 17. Rc1 Rc8 18. Nc3 Ba6 19. a4 Nc4 20. Qa2 Qa5 21. Rab1
Ng4 22. Bxg7 Kxg7 23. Nd3 Nge5 24. Nb4 Kg8 25. e3 Qc5 26. Ne4 Qa7 27. Nxa6 Qxa6
28. Nc3 Qa5 29. Rb5 Qa6 30. Bf1 Qa7 31. Qe2 Na3 32. Rb3 Nac4 33. Kh1 Na5 34.
Rb5 Nec4 35. Ne4 Ne5 36. Qe1 Nac4 37. a5 Qa6 38. Qb4 Na3 39. Qxa3 1-0

[Event "Quebec-ch U14"]
[Site "Montreal CAN"]
[Date "2016.01.15"]
[Round "1"]
[White "Tinica, Gabriel"]
[Black "Attouche, Mastan"]
[Result "1-0"]
[WhiteElo "1578"]
[BlackElo "1209"]
[PlyCount "53"]
[EventDate "2016.01.15"]
[EventType "tourn"]
[EventRounds "5"]
[EventCountry "CAN"]

1. d4 d5 2. c4 e6 3. Nc3 Ne7 4. cxd5 exd5 5. Bg5 Nbc6 6. e3 a6 7. Bd3 f6 8. Bf4
Nb4 9. Bb1 Bf5 10. a3 Nbc6 11. Nf3 Bg4 12. h3 Bh5 13. O-O Qd7 14. Na4 b6 15.
Bd3 Nf5 16. Qc2 Bg6 17. Rac1 Nfe7 18. Bxg6+ hxg6 19. e4 Qe6 20. exd5 Qxd5 21.
Bxc7 Qd7 22. Nxb6 Qxc7 23. Nxa8 Qb8 24. Rfe1 Na7 25. Nc7+ Kd7 26. Qa4+ Kd8 27.
Ne6# 1-0

[Event "Quebec-ch U14"]
[Site "Montreal CAN"]
[Date "2016.01.15"]
[Round "1"]
[White "Yang, Muyuan"]
[Black "Durette, Francis"]
[Result "0-1"]
[WhiteElo "1323"]
[BlackElo "1926"]
[PlyCount "76"]
[EventDate "2016.01.15"]
[EventType "tourn"]
[EventRounds "5"]
[EventCountry "CAN"]

1. e4 e5 2. Nf3 Nc6 3. Bb5 a6 4. Ba4 b5 5. Bb3 Be7 6. O-O Nf6 7. Re1 O-O 8. c3
d6 9. h3 Na5 10. Bc2 c5 11. d4 cxd4 12. cxd4 Nc6 13. a3 h6 14. Be3 Re8 15. b4
Bf8 16. Nc3 Bb7 17. d5 Ne7 18. Ne2 g6 19. Ng3 Bg7 20. Nh2 Rc8 21. Ra2 Kh7 22.
Qd2 Qd7 23. f4 exf4 24. Bxf4 Nfxd5 25. exd5 Bc3 26. Qd1 Bxe1 27. Qxe1 Nxd5 28.
Qf2 Nxf4 29. Qxf4 Rc4 30. Qf2 f5 31. Nxf5 Rf8 32. g4 Qf7 33. Bb3 Rc1+ 34. Nf1
Qxb3 35. Qe2 gxf5 36. Rb2 Qd5 37. Rd2 Qh1+ 38. Kf2 Qg2+ 0-1

[Event "Quebec-ch U14"]
[Site "Montreal CAN"]
[Date "2016.01.16"]
[Round "2"]
[White "Durette, Francis"]
[Black "Tinica, Gabriel"]
[Result "1-0"]
[WhiteElo "1926"]
[BlackElo "1578"]
[PlyCount "75"]
[EventDate "2016.01.15"]
[EventType "tourn"]
[EventRounds "5"]
[EventCountry "CAN"]

1. e4 c5 2. Nf3 d6 3. d4 cxd4 4. Nxd4 Nf6 5. Nc3 g6 6. f3 Bg7 7. Be3 Nc6 8. Qd2
O-O 9. O-O-O d5 10. exd5 Nxd5 11. Nxc6 bxc6 12. Bd4 Bxd4 13. Qxd4 Qb6 14. Nxd5
cxd5 15. Qxb6 axb6 16. a3 e6 17. h4 Ba6 18. Bxa6 Rxa6 19. h5 Kg7 20. hxg6 hxg6
21. Rd4 Rc8 22. Rhh4 Kf6 23. Kd2 b5 24. Rb4 Rc5 25. a4 bxa4 26. Rxa4 Rb6 27.
Rhb4 Rbc6 28. c3 e5 29. Kd3 Ke6 30. Rb7 f5 31. Raa7 e4+ 32. Ke3 Kf6 33. f4
Rxc3+ 34. bxc3 Rxc3+ 35. Kd2 Rc6 36. Rf7+ Ke6 37. Rae7+ Kd6 38. Rf6+ 1-0